LEADER 01286nam 2200349 450 001 9910133134203321 005 20160621164936.0 010 $a88-596-0050-2 035 $a(CKB)3400000000017871 035 $a(ItFiC)it 06210988 035 $a(EXLCZ)993400000000017871 100 $a20090107d2006 uy 0 101 0 $aita 200 00$aIddio ci dia buon viaggio e guadagno$b[electronic resource] $eFirenze, Biblioteca Riccardiana, ms. 1910, Codice Vaglienti /$fedizione critica a cura di Luciano Formisano 210 $aFirenze $cPolistampa$d2006 215 $a388 p. $ccol. ill 225 0$aBiblioteca Riccardiana ;$v10 300 $aTravel memoirs and letters by Amerigo Vespucci (1451-1512) and others, some in Latin with Italian transl., partly publ. for the first time. 320 $aIncludes bibliographical references. 517 $aIddio ci dia buon viaggio e guadagno 606 $aExplorers$zItaly$vCorrespondence 606 $aVoyages and travels$vEarly works to 1800 615 0$aExplorers 615 0$aVoyages and travels 676 $a910 701 $aFormisano$b Luciano$0166893 801 0$bItFiC 801 1$bItFiC 906 $aBOOK 912 $a9910133134203321 996 $aIddio ci dia buon viaggio e guadagno$92427791 997 $aUNINA LEADER 01183nam0 2200313 i 450 001 VAN0131663 005 20220303103124.83 010 $a978-16-17-79961-7 017 70$2N$a978-1-61779-962-4 100 $a20201105d2015 |0itac50 ba 101 $aeng 102 $aUS 105 $a|||| ||||| 200 1 $aCardiac Drug Therapy$fM. Gabriel Khan 205 $a8th edition 210 $aTotowa$cHumana$d2015 215 $axxxii, 791 p.$d24 cm 410 1$1001VAN0127922$12001 $aContemporary Cardiology$1210 $aBerlin$cSpringer 620 $dTotowa$3VANL000162 700 1$aKhan$bM. Gabriel$3VANV105469$0789322 712 $aHumana $3VANV108434$4650 801 $aIT$bSOL$c20230616$gRICA 856 4 $uhttps://link.springer.com/book/10.1007%2F978-1-61779-962-4$zE-book ? Accesso al full-text attraverso riconoscimento IP di Ateneo, proxy e/o Shibboleth 899 $aBIBLIOTECA CENTRO DI SERVIZIO SBA$2VAN15 912 $fN 912 $aVAN0131663 950 $aBIBLIOTECA CENTRO DI SERVIZIO SBA$d15CONS SBA EBOOK 7493 $e15EB 7493 20201105 996 $aCardiac Drug Therapy$91760497 997 $aUNICAMPANIA